Statystyki dla Zespoły Formuły 1 (2022)

Kliknij tutaj aby rozwiązać quiz!

Ogólne statystyki

  • Ten quiz został rozwiązany 59 razy
  • Średni wynik to 9 z 10

Statystyki odpowiedzi

Zespół% Poprawnych
3Ferrari
100%
1Mercedes
98%
2Red Bull
94%
5McLaren
93%
9Alfa Romeo
89%
4Williams
85%
10Haas
81%
7Alpha Tauri
80%
6Alpine
76%
8Aston Martin
76%

Rozkład punktacji

Percentyl według liczby udzielonych odpowiedzi

Procent ludzi z każdym wynikiem

Twoja historia wyników

Nie rozwiązałeś tego quizu